000 00869nam a22002897a 4500
003 CHAP
005 20220329135028.0
008 971013s r 00010 d
010 _a29789
011 _a30761
035 _a34873
040 _cCHAP
090 _aB-707
100 0 0 _aLicea de Arenas, Judith.
_966700
245 _aDiez años de bibliografía mexicana sobre porcicultura (1964-1974)
260 _a(s.l. :
_bs.e.),
_c(s.a.)
300 _a28 p.
590 _aBATCH-UPD
_b10
_c20130110
_lUCH01
_h1504
590 _aBATCH-UPD
_b10
_c20130410
_lUCH01
_h0924
590 _aBATCH-UPD
_b10
_c20130914
_lUCH01
_h1520
590 _aCONVERSION
_b10
_c20130109
_lUCH01
_h1317
650 1 4 _aGanado porcino
_xBibliografía.
_945339
700 0 _aBernal Hernández, Elvira.
_911892
901 _aBK
942 _cLIBRO
949 _aB-707
_bBC
_cBIB
_d-80596
_eBIB
_i34873
_si
999 _c29789
_d29789